000 00950nam a2200265 a 4500
001 41756
003 BD-RjUL
005 20211209053438.0
008 160605s1989 cou b 001 0 eng
020 _a1555870953 (alk. paper) :
_c$38.50
035 _a(BD-RjUL)41874
040 _aDLC
_cDLC
_dDLC
_dBD-RjUL
_beng
041 _aeng
082 0 0 _a323.1
_219
_bETH 1989
245 0 0 _aEthnoterritorial politics, policy, and the western world /
_cedited by Joseph R. Rudolph, Jr. and Robert J. Thompson.
260 _aBoulder, Colo. :
_bL. Rienner Publishers,
_c1989.
300 _aix, 262 p. ;
_c24 cm.
504 _aIncludes bibliographical references. and index
650 0 _aEthnic groups
_xPolitical activity.
_9128041
650 0 _aEthnic relations.
_9128275
700 1 _aRudolph, Joseph R.
_q(Joseph Russell),
_d1942-
_9128276
700 1 _aThompson, Robert J.
_q(Robert Joseph),
_d1949-
_9128277
942 _2ddc
_cBK
999 _c41756
_d41756